भारतीय ज्ञान प्रणाली : (Record no. 53453)

MARC details
000 -LEADER
fixed length control field 00654nam a2200193Ia 4500
005 - DATE AND TIME OF LATEST TRANSACTION
control field 20260429112320.0
008 - FIXED-LENGTH DATA ELEMENTS--GENERAL INFORMATION
fixed length control field 260429s9999||||xx |||||||||||||| ||und||
020 ## - INTERNATIONAL STANDARD BOOK NUMBER
International Standard Book Number 9788119497225
041 ## - LANGUAGE CODE
Language Hindi
082 ## - DEWEY DECIMAL CLASSIFICATION NUMBER
Classification number 181.4
Item number SIN
100 ## - MAIN ENTRY--PERSONAL NAME
Personal name सिंह, सुमेर
245 #0 - TITLE STATEMENT
Title भारतीय ज्ञान प्रणाली :
Remainder of title कल आज या कल /
Statement of responsibility, etc सुमेर सिंह
250 ## - EDITION STATEMENT
Edition statement 1st ed.
260 ## - PUBLICATION, DISTRIBUTION, ETC. (IMPRINT)
Place of publication, distribution, etc जयपुर :
Name of publisher, distributor, etc पैराडाइज़ पब्लिशर्स,
Date of publication, distribution, etc 2026.
300 ## - PHYSICAL DESCRIPTION
Extent 223 p.; Hb
440 ## - SERIES STATEMENT/ADDED ENTRY--TITLE
Volume number/sequential designation भाग-4
650 ## - SUBJECT ADDED ENTRY--TOPICAL TERM
Topical term or geographic name as entry element भक्ति साहित्य
942 ## - ADDED ENTRY ELEMENTS (KOHA)
Koha item type Text Books
Holdings
Withdrawn status Lost status Damaged status Not for loan Collection code Home library Location Shelving location Date of Cataloging Source of acquisition Total Checkouts Full call number Barcode Date last seen Price effective from Koha item type
        Non-fiction CUTN Central Library CUTN Central Library Philosophy & psychology 29/04/2026 Kiran Book Service, New Delhi - Invoice No. IN-00113 on 09-02-2026   181.4 SIN 57149 29/04/2026 29/04/2026 Text Books